000 00289nam a2200109Ia 4500
008 230907s9999||||xx |||||||||||||| ||und||
082 _a624.1513
_bDAS
100 _aDas, Braja M.,
_923492
245 0 _aPrinciples of geotechnical engineering /
300 _axxiii, 819 pages ;
942 _cBK
999 _c599352
_d599352